000 00861nam a2200265Ia 4500
003 OSt
005 20221005085113.0
006 a|||||r|||| 00| 0
007 ta
008 221004b |||||||| |||| 00| 0 eng d
020 _a9780231160391 (pbk)
_cUSD 30.00
024 _a34105
037 _b8190, 14/09/2017, Efficient Book Distributors
_cTextual
040 _aCRL
_cCRL
_beng
041 _2eng
_aeng
082 _aQ41:22522, Q6
100 _aCollins Steven Ed.
_933502
245 0 _aReading of the vessantara jataka
260 _aNew York
_bColumbia University Press USA
_c2016
300 _aviii,216p.
_ccm.
490 _aColumbia readings of buddhist literature
650 _aBUDDHISM - JATAKA
942 _hQ41:22522, Q6
_cTEXL
_2cc
999 _c993713
_d993713